000
00287nam a2200097Ia 4500
005
20251222114340.0
008
251222s1900||||xx |||||||||||||| ||spa||
082
_a
DVD0120/S79/2001
245
0
_a
Beethoven the complete violín sonatas:Las Sonatas completas de Beethoven en violín
942
_c
DVD
999
_c
825
_d
825